[Event "Finland Team Ch"]
[Site "Helsinki FIN"]
[Date "2016.09.17"]
[Round "1"]
[White "Kauppala, Pekka"]
[Black "Khanov, Pavel"]
[Result "0-1"]
[Section "II Division:1"]
[Board "1"]
[WhiteTeam "Lauttasaaren Shakkikerho"]
[BlackTeam "Helsingin Shakkiklubi 3"]
[WhiteElo "2070"]
[BlackElo "1883"]

1.e4 c6 2.c4 g6 3.Nc3 Bg7 4.d4 d6 5.Be3 Nf6 6.Qd2 O-O 7.Bh6 e5 8.Bxg7 Kxg7
9.O-O-O Qe7 10.Nge2 a6 11.f3 b5 12.g4 Nbd7 13.h4 Nb6 14.Ng3 Ng8 15.g5 b4
16.Nb1 c5 17.d5 a5 18.h5 h6 19.gxh6+ Kh7 20.f4 exf4 21.Qxf4 Qf6 22.Qd2 a4
23.e5 Qxe5 24.Bd3 a3 25.bxa3 Na4 26.Rdg1 bxa3 27.Ne4 Bf5 28.Ng5+ Kh8 29.Bxf5
gxf5 30.Nxa3 Rab8 31.Nc2 Rb1+ 0-1

[Event "Finland Team Ch"]
[Site "Helsinki FIN"]
[Date "2016.09.17"]
[Round "1"]
[White "Hall, Raimo"]
[Black "Heikkinen, Jyrki"]
[Result "1-0"]
[Section "II Division:1"]
[Board "2"]
[WhiteTeam "Helsingin Shakkiklubi 3"]
[BlackTeam "Lauttasaaren Shakkikerho"]
[WhiteElo "1868"]
[BlackElo "2051"]

1.d4 Nf6 2.Nf3 g6 3.Bf4 Bg7 4.e3 d6 5.h3 Nbd7 6.c4 c5 7.Nc3 O-O 8.Be2 h6 9.O-O
cxd4 10.exd4 Nh7 11.Qd2 g5 12.Bh2 f5 13.Rfd1 Ndf6 14.Bd3 Kh8 15.Rac1 b6 16.d5
Nd7 17.Bc2 Ne5 18.Qe2 Nxf3+ 19.Qxf3 Qe8 20.Re1 Qf7 21.Qe2 Bf6 22.Ba4 Rg8
23.Kh1 h5 24.Bd1 g4 25.Bf4 Nf8 26.Qe3 Rg7 27.b4 Ng6 28.Ne2 Nxf4 29.Nxf4 Bg5
30.Qd4 Bf6 31.Qe3 Bg5 32.Rc2 e5 33.dxe6 Bxe6 34.Qd4 Bxf4 35.Qxf4 Rg6 36.Rce2
Rd8 37.Bb3 Kg8?? 38.Rxe6 Rxe6 39.Qg5+ Kh7 40.Rxe6 Qxe6 41.Qxd8 Qe1+ 42.Kh2
Qxf2 43.Qe7+ Kh8 44.Qf8+ Kh7 45.Qf7+ Kh6 46.Qf8+ Kh7 47.Qxd6 f4 48.Qe7+ Kg6
49.Qe6+ Kg7 50.hxg4 Qg3+ 51.Kg1 hxg4 52.Qe7+ Kh6 53.Qf6+ Kh5 54.Qe5+ Kh6
55.Bc2 1-0

[Event "Finland Team Ch"]
[Site "Helsinki FIN"]
[Date "2016.09.17"]
[Round "1"]
[White "Lindholm, Arto"]
[Black "Peltola, Risto"]
[Result "1/2-1/2"]
[Section "II Division:1"]
[Board "3"]
[WhiteTeam "Lauttasaaren Shakkikerho"]
[BlackTeam "Helsingin Shakkiklubi 3"]
[WhiteElo "1974"]
[BlackElo "1858"]

1.d4 e6 2.Bf4 d5 3.Nf3 Nf6 4.e3 Nbd7 5.Bd3 Bd6 6.Ne5 Bxe5 7.dxe5 Ne4 8.h3 b6
9.O-O Bb7 10.b4 h6 11.f3 Ng5 12.Nd2 c5 13.c3 O-O 14.Bg3 Nh7 15.f4 f5 16.Qh5
Qe8 17.Qh4 Qd8 18.Bb5 a6 19.Ba4 b5 20.Bc2 Qxh4 21.Bxh4 g5 22.Bf2 Rac8 23.Rfc1
Rc7 24.Nb3 Rfc8 25.Bd1 Nhf8 26.Kf1 Ng6 27.g3 Ne7 28.Bf3 Kf7 29.Bh5+ Kg7 30.Ke1
cxb4 31.cxb4 Rxc1+ 32.Rxc1 Rxc1+ 33.Nxc1 Nc6 34.Nd3 a5 35.Be8 Bc8 36.a3 Kf8
37.Bxd7 Bxd7 38.Kd2 Ke7 39.Kc3 Be8 40.Nc5 axb4+ 41.axb4 Bh5 42.Nb7 Be2 43.Nd6
Bf1 44.fxg5 hxg5 45.h4 Nxe5 46.Nb7 Ng4 47.Bg1 gxh4 48.gxh4 e5 49.Nc5 Kf7
50.Kd2 Kg6 51.Ne6 Kh5 52.Ng7+ Kxh4 53.Nxf5+ Kh3 54.e4 dxe4 55.Ne3 Bd3 1/2-1/2

[Event "Finland Team Ch"]
[Site "Helsinki FIN"]
[Date "2016.09.17"]
[Round "1"]
[White "Saharinen, Petri"]
[Black "Vesely, Petr"]
[Result "0-1"]
[Section "II Division:1"]
[Board "4"]
[WhiteTeam "Helsingin Shakkiklubi 3"]
[BlackTeam "Lauttasaaren Shakkikerho"]
[WhiteElo "1801"]
[BlackElo "1969"]

1.d4 d5 2.c4 Nf6 3.Nc3 c6 4.cxd5 Nxd5 5.e4 Nb6 6.Nf3 Bg4 7.Be2 e6 8.O-O Be7
9.h3 Bh5 10.Ne5 Bxe2 11.Nxe2 N8d7 12.Bf4 Nxe5 13.Bxe5 O-O 14.Nf4 (14.Qb3) Nc4
15.Qg4 (15.Nd3) Nxe5 16.dxe5 Qc7 17.Nd3 (17.Qg3) Rad8 18.Qe2 Rd4 19.f4
(19.Qe3) Rfd8 20.Rfd1 (20.Rad1 Qb6 21.Kh2 Qa6 22.Rf3 Qxa2 23.Nf2 Rxd1 24.Nxd1
Qb1 25.Nf2) Qb6 21.Kh2 Qa6 22.f5 Rxd3 23.f6 Rxh3+ 24.Kxh3 Qxe2 25.Kg3 gxf6
26.exf6 Rxd1 27.fxe7 Rd3+ 28.Kh2 Qh5+ 29.Kg1 Qc5+ 0-1

[Event "Finland Team Ch"]
[Site "Helsinki FIN"]
[Date "2016.09.17"]
[Round "1"]
[White "Sobenin, Evgeny"]
[Black "Hänninen, Heikki"]
[Result "1-0"]
[Section "II Division:1"]
[Board "5"]
[WhiteTeam "Lauttasaaren Shakkikerho"]
[BlackTeam "Helsingin Shakkiklubi 3"]
[WhiteElo "1930"]
[BlackElo "1635"]

1.d4 Nf6 2.c4 c5 3.Nf3 g6 4.Nc3 Bg7 5.e4 d6 6.dxc5 dxc5 7.Qxd8+ Kxd8 8.Bf4 Nh5
9.O-O-O+ Ke8 10.Nb5 Na6 11.Be5 Bd7 12.Bxg7 Nxg7 13.Ne5 Be6 14.Be2 f6 15.Nf3
Kf7 16.Rd2 Nb4 17.a3 Nc6 18.Rhd1 a6 19.Nc7 Rad8 20.Nd5 Bc8 21.Nb6 Ne6 22.Rxd8
1-0

[Event "Finland Team Ch"]
[Site "Järvenpää FIN"]
[Date "2016.09.17"]
[Round "1"]
[White "Koivusalo, Riku"]
[Black "Uusitalo, Joona"]
[Result "0-1"]
[Section "III Division:3"]
[Board "3"]
[WhiteTeam "Lauttasaaren Shakkikerho 3"]
[BlackTeam "Järvenpään Shakkikerho"]
[WhiteElo "1630"]
[BlackElo "1920"]

1.d4 Nf6 2.c4 c5 3.d5 b5 4.cxb5 a6 5.b6 g6 6.Nc3 d6 7.Nf3 Nbd7 8.e4 Bg7 9.Bd3
O-O 10.b7 Bxb7 11.O-O Qc7 12.Nd2 e6 13.Bc4 exd5 14.Bxd5 Bxd5 15.Nxd5 Nxd5
16.exd5 Rab8 17.Nc4 Ne5 18.Nxe5 Bxe5 19.Rb1 Qe7 20.Qd3 a5 21.b3 Rb4 22.Rd1 Rd4
23.Qc2 Re8 24.g3 Rxd1+ 25.Qxd1 Bd4 26.Bb2 Qe4 27.Bxd4 cxd4 28.b4 Qxd5 29.bxa5
Qxa5 30.Qxd4 Qxa2 31.Rb6 Re1+ 32.Kg2 Qa8+ 33.Kh3 Re5 34.g4 Qf3+ 35.Kh4 g5+
36.Kh5 Qh3# 0-1

[Event "Finland Team Ch"]
[Site "Järvenpää FIN"]
[Date "2016.09.17"]
[Round "1"]
[White "Bomb, Timo"]
[Black "Jalas, Aaro"]
[Result "0-1"]
[Section "III Division:3"]
[Board "4"]
[WhiteTeam "Järvenpään Shakkikerho"]
[BlackTeam "Lauttasaaren Shakkikerho 3"]
[WhiteElo "1774"]
[BlackElo "1580"]

1.e4 e5 2.Nf3 Nc6 3.Bc4 Nf6 4.d3 Be7 5.O-O O-O 6.c3 d6 7.h3 Na5 8.Bb5 a6 9.Ba4
b5 10.Bc2 Bb7 11.Re1 c5 12.d4 exd4 13.cxd4 Nc6 14.a3 Re8 15.d5 Ne5 16.Nh2 Ng6
17.f4 Bf8 18.Nf3 Qc7 19.g4 Rad8 20.f5 Ne5 21.Nxe5 dxe5 22.Qf3 Qd6 23.Nd2 Nd7
24.Nf1 Be7 25.Be3 Nb6 26.b3 h6 27.Re2 Qc7 28.Ng3 c4 29.b4 Nd7 30.Rh2 Bh4
31.Nh5 Nf6 32.Rg2 Nxh5 33.gxh5 Kh7 34.Rg4 Bf6 35.Kh1 Bxd5 36.exd5 e4 37.Qf1
Bxa1 38.Qxa1 f6 39.Bxe4 Rxd5 40.Bxd5 Rxe3 41.Bg2 Qe7 42.Qd4 Rxa3 43.Re4 Qxb4
44.Re8 Rd3 45.Qg4 Qd6 46.Qg6# 1-0

[Event "Finland Team Ch"]
[Site "Helsinki FIN"]
[Date "2016.10.08"]
[Round "2"]
[White "Raki, Jyrki"]
[Black "Kauppala, Pekka"]
[Result "0-1"]
[Section "II Division:1"]
[Board "1"]
[WhiteTeam "Kymen Shakki 2"]
[BlackTeam "Lauttasaaren Shakkikerho"]
[WhiteElo "2011"]
[BlackElo "2055"]

1.d4 g6 2.Nf3 Bg7 3.g3 Nf6 4.Bg2 c5 5.O-O cxd4 6.Nxd4 d5 7.c3 O-O 8.Be3 Ng4
9.Qc1 e5 10.Nb3 Nc6 11.Bc5 Re8 12.h3 Nf6 13.Na3 b6 14.Be3 Ba6 15.Qd2 Qc7
16.Rac1 Rad8 17.Bg5 Rd7 18.Rfd1 Red8 19.Qe1 h6 20.Be3 Kh7 21.g4 Bf8 22.f3 Bg7
23.Rd2 Re8 24.Qh4 Nd8 25.Rcd1 Ne6 26.g5 Nh5 27.gxh6 Bf6 28.Qa4 Bc8 29.Rxd5
Rxd5 30.Rxd5 Nef4 31.Bxf4 Nxf4 32.Qxe8 Nxd5 33.Nb5 Qd7 34.Qxd7 Bxd7 35.Nd6 Be6
36.e4 Nf4 37.Bf1 Kxh6 38.Nb5 a5 39.Nc7 Nxh3+ 40.Bxh3 Bxh3 41.Nd5 Bd8 42.Nd2 b5
43.c4 Bd7 44.c5 f5 45.b3 Kg7 46.Nb1 Kf7 47.Nbc3 b4 48.Nd1 Ke6 49.N1e3 Bc6
50.exf5+ gxf5 51.Nb6 Bxf3 52.Nec4 Be7 53.Kf2 Bc6 0-1

[Event "Finland Team Ch"]
[Site "Helsinki FIN"]
[Date "2016.10.08"]
[Round "2"]
[White "Heikkinen, Jyrki"]
[Black "Montonen, Samu"]
[Result "1/2-1/2"]
[Section "II Division:1"]
[Board "2"]
[WhiteTeam "Lauttasaaren Shakkikerho"]
[BlackTeam "Kymen Shakki 2"]
[WhiteElo "2036"]
[BlackElo "2023"]

1.d4 d6 2.e4 Nf6 3.Nc3 g6 4.f4 Bg7 5.Nf3 O-O 6.Be2 c5 7.d5 b5 8.Nxb5 (8.e5!
dxe5 9.fxe5 Nfd7 10.d6 exd6 11.exd6) Nxe4 9.O-O Qb6 10.c4 a6 11.Na3 e6 12.dxe6
Bxe6 13.Bd3 d5 14.Kh1 f5 15.cxd5 Bxd5 16.Nc4 Qe6 17.Ne3 Kh8 18.Nxd5 Qxd5
19.Qc2 Nc6 20.Bc4 Qd6 21.Rb1 Rfd8 22.Be3 Nd4 23.Qa4 Qd7 24.Qxd7 Rxd7 25.Ne5
Bxe5 26.fxe5 Re7 27.Rbd1 Rxe5 28.Rxd4 cxd4 29.Bxd4 Re8 30.Bxa6 Kg8 31.Bxe5
Rxe5 32.Kg1 Kf8 33.b4 Nc3 34.a3 Re6 35.Rc1 Re3 36.Kf2 f4 37.b5 Ne4+ 38.Kg1
Rxa3 39.h3 (39.b6! {+/-}) g5 40.Bb7 Nd6 41.Bc6 Rb3 42.Rc5 h6 43.Rd5 Ke7 44.Kf1
Rb2 45.Ke1 Ke6 46.Rc5 Nf5 47.Kd1 Ne3+ 48.Kc1 Rb3 49.Bf3 Ke7 50.Kd2 Kd6 51.Rc6+
Ke5 52.b6 Rxb6 53.Rxb6 Nc4+ 54.Kc3 Nxb6 55.Kd3 Nd7 56.Ke2 Kd4 57.Kf2 Nf6 58.g4
Kd3 59.Be2+ Kd2 60.Bf3 Nd7 61.Be4 Nf6 62.Bg6 Kc3 63.Kf3 Kd4 64.Bf5 Ne8 65.Bh7
Nd6 66.Bg6 Nc4 67.Bh7 Nd2+ 68.Kf2 Ne4+ 69.Kf3 Nf6 70.Bf5 h5 71.Bg6 (71.gxh5
Nxh5 72.h4 gxh4 73.Bg4 {=}) hxg4+ 72.hxg4 Nd7 73.Bf5 Ne5+ 74.Kf2 Kc3 75.Ke2
Nc4 76.Kf3 Kd2 77.Bc8?? (77.Be6) Ke1 78.Bb7 Ne5+?? (78...Nd2+ 79.Kg2 Ke2
80.Ba6+ Ke3 81.Bb5 f3+ 82.Kg1 Kf4 {-+}) 79.Ke4 Nxg4 80.Kf5 Ne3+ 81.Kxg5 Nd5
82.Bxd5 f3 83.Bxf3 1/2-1/2

[Event "Finland Team Ch"]
[Site "Helsinki FIN"]
[Date "2016.10.08"]
[Round "2"]
[White "Mujunen, Martti"]
[Black "Lindholm, Arto"]
[Result "1/2-1/2"]
[Section "II Division:1"]
[Board "3"]
[WhiteTeam "Kymen Shakki 2"]
[BlackTeam "Lauttasaaren Shakkikerho"]
[WhiteElo "1961"]
[BlackElo "1970"]

1.e4 d6 2.d4 Nf6 3.Nc3 Nbd7 4.Be3 c6 5.Nf3 Qc7 6.Bd3 e5 7.O-O h6 8.Ne2 Be7
9.Ng3 g6 10.h3 Nf8 11.Qd2 g5 12.h4 exd4 13.Bxd4 Ne6 14.Be3 Ng4 15.hxg5 Nxe3
16.Qxe3 hxg5 17.Nf5 Bf6 18.Nxd6+ Qxd6 19.e5 Bxe5 20.Nxe5 Kf8 21.Rfe1 Nf4
22.Nf3 Bg4 23.Qe5 Qxe5 24.Nxe5 Be6 25.Rad1 Rd8 26.Be4 Kg7 27.g3 Ne2+ 28.Kf1
Nd4 29.c3 Nb5 30.Nf3 g4 31.Nh4 Bxa2 32.Bf5 Bc4+ 33.Kg1 Rhe8 34.Bxg4 Rxe1+
35.Rxe1 Rd2 36.Nf5+ Kf6 37.Ne3 Be6 38.Bxe6 fxe6 39.Nc4 Rc2 40.Kf1 Nc7 41.Re2
Rc1+ 42.Kg2 b6 43.Ne5 c5 44.f4 Nd5 45.Kf3 Rf1+ 46.Kg4 Rh1 47.Rd2 Rh7 48.Kf3
Rc7 49.c4 Ne7 50.Rh2 Kg7 51.g4 Nc6 52.Nxc6 Rxc6 53.Ke4 Kf6 54.Rh7 a6 55.Rd7 b5
56.b3 bxc4 57.bxc4 Rb6 58.Rc7 a5 59.g5+ Kg6 60.Ra7 Rb4 61.Rxa5 Rxc4+ 62.Ke5
Rc1 63.Kxe6 Re1+ 64.Kd5 Kf5 65.Rxc5 Kxf4 66.g6 Rg1 67.Rc6 Kf5 1/2-1/2

[Event "Finland Team Ch"]
[Site "Helsinki FIN"]
[Date "2016.10.08"]
[Round "2"]
[White "Vesely, Petr"]
[Black "Ihaksi, Arto"]
[Result "0-1"]
[Section "II Division:1"]
[Board "4"]
[WhiteTeam "Lauttasaaren Shakkikerho"]
[BlackTeam "Kymen Shakki 2"]
[WhiteElo "1976"]
[BlackElo "1818"]

1.c4 g6 2.g3 Bg7 3.Bg2 Nf6 4.d4 c5 5.Nf3 cxd4 6.O-O O-O 7.Nxd4 Nc6 8.Nc3 Nxd4
9.Qxd4 d6 10.Bg5 Ng4 11.Qd2 Ne5 12.b3 f6 13.Be3 a6 14.Rfd1 Qa5 15.Nd5 Qxd2
16.Rxd2 Nc6 17.Nc7 Rb8 18.Bd5+ Kh8 19.Nxa6 bxa6 20.Bxc6 Be6 21.Rad1 g5 22.Kg2
h5 23.h3 Kh7 24.Be4+ f5 25.Bd5 Bxd5+ 26.Rxd5 f4 27.Bd4 Bh6 28.gxf4 Rxf4 29.Be3
Re4 30.R1d4 Re6 31.Ra5 Rf8 32.Rxa6 Bg7 33.Rd2 g4 34.c5 Be5 35.hxg4 hxg4 36.c6
g3 37.Ra4 gxf2 38.Rh4+ Kg7 39.Bh6+?? (39.Rg4+ Kf7 40.Rc2 Rf6 41.Bxf2 Ke6
42.Bh4) Rxh6 0-1

[Event "Finland Team Ch"]
[Site "Helsinki FIN"]
[Date "2016.10.08"]
[Round "2"]
[White "Engelberg, Jan"]
[Black "Pystynen, Jarmo"]
[Result "1/2-1/2"]
[Section "II Division:1"]
[Board "5"]
[WhiteTeam "Kymen Shakki 2"]
[BlackTeam "Lauttasaaren Shakkikerho"]
[WhiteElo "1818"]
[BlackElo "1967"]

1.e4 Nc6 2.Nc3 Nf6 3.d4 d5 4.e5 Nd7 5.Nxd5 Ndb8 6.Nc3 Qxd4 7.Qxd4 Nxd4 8.Bd3
Nbc6 9.Be3 Bg4 10.h3 Bh5 11.g4 Bg6 12.O-O-O O-O-O 13.f4 e6 14.Bxg6 hxg6
15.Nge2 Bc5 16.Nxd4 Nxd4 17.Kb1 Bb6 18.Na4 Nc6 19.Nxb6+ axb6 20.Rxd8+ Kxd8
21.c3 g5 22.Kc2 Kd7 23.Kd3 gxf4 24.Bxf4 Ne7 25.c4 Ng6 26.Bg3 Nh4 27.Ke4 Kc6
28.Kf4 Ng6+ 29.Kg5 Rd8 30.h4 Rd4 31.Rf1 Rd7 32.h5 Nf8 33.h6 Nh7+ 34.Kh5 g6+
35.Kh4 Kc5 36.b3 Kb4 37.Be1+ Kc5 38.Bf2+ Kb4 1/2-1/2

[Event "Finland Team Ch"]
[Site "Espoo FIN"]
[Date "2016.11.05"]
[Round "3"]
[White "Kauppala, Pekka"]
[Black "Chernyak, Viktoria"]
[Result "0-1"]
[Section "II Division:1"]
[Board "1"]
[WhiteTeam "Lauttasaaren Shakkikerho"]
[BlackTeam "Espoon Shakkikerho"]
[WhiteElo "2064"]
[BlackElo "2172"]

1.d4 Nf6 2.g3 e6 3.Bg2 d5 4.c4 Be7 5.Nf3 O-O 6.O-O a6 7.Nc3 Nbd7 8.b3 c5
9.cxd5 exd5 10.Ba3 b6 11.Rc1 Bb7 12.dxc5 Nxc5 13.Nd4 Re8 14.e3 Bf8 15.Bb2 Rc8
16.Qe2 g6 17.Rfd1 Qd6 18.Rc2 h5 19.a3 Bg7 20.Rcd2 Qe7 21.b4 Nce4 22.Nxe4 Nxe4
23.Bxe4 Qxe4 24.Qd3 Qg4 25.Kg2 Rc4 26.h3 Qd7 27.Nf3 Qc7 28.Bxg7 Kxg7 29.Kh2
Kg8 30.Qb3 Qc6 31.Nd4 Qf6 32.Rc2 Rec8 33.Rdc1 R8c7 34.Qd3 Bc8 35.Kg2 b5 36.Qe2
Qe5 37.Kh2 h4 38.f4 hxg3+ 39.Kxg3 Qe4 40.Qd2 Kg7 41.Rc3 Bd7 42.R3c2 Rc8
43.Rxc4 dxc4 44.Nf3 Bc6 45.Qd4+ Qxd4 46.Nxd4 Be4 47.Rc3 Kf6 48.h4 Ke7 49.Kg4
Bd3 50.Kg3 Kd6 51.Nb3 Be4 52.Nd2 Kd5 53.Kg4 Bd3 54.Kf3 Rh8 55.Kg4 Ra8 56.Kg5
Re8 57.f5 Rxe3 58.fxg6 fxg6 59.Kf4 Re1 60.Nf3 Rf1 61.Ke3 Rxf3+ 62.Kxf3 Kd4
63.Rc1 c3 64.Kf2 c2 65.Rg1 Kc3 66.Ke3 Bf5 67.Ke2 Bg4+ 68.Ke3 Bd1 0-1

[Event "Finland Team Ch"]
[Site "Espoo FIN"]
[Date "2016.11.05"]
[Round "3"]
[White "Nazarova, Anastasia"]
[Black "Heikkinen, Jyrki"]
[Result "1-0"]
[Section "II Division:1"]
[Board "2"]
[WhiteTeam "Espoon Shakkikerho"]
[BlackTeam "Lauttasaaren Shakkikerho"]
[WhiteElo "1991"]
[BlackElo "2070"]

1.e4 d5 2.exd5 Nf6 3.Bb5+ Bd7 4.Bc4 Bg4 5.f3 Bf5 6.Nc3 Nbd7 7.d3 Nb6 8.Nge2
Nfxd5 9.Nxd5 Nxd5 10.O-O e6 11.Ng3 Bg6 12.f4 Nb6 13.Bb3 Bc5+ 14.Kh1 Qh4 15.Qf3
O-O-O 16.a4 Nd7 17.a5 a6 18.Bc4 Nf6 19.Bd2 Qg4 20.Rae1 h5 21.Bc3 Qxf3 22.Rxf3
h4 23.Ne4 Nxe4 24.dxe4 Bh5 25.Rd3 Rxd3 26.cxd3 h3 27.d4 Bd6 28.e5 Be7 29.g3 c5
30.Kg1 Rd8 31.Rc1 Kb8 32.dxc5 Bxc5+ 33.Kf1 Bf3 34.Be2 Bg2+ 35.Ke1 Be3 36.Rd1
Rxd1+ 37.Bxd1 Kc7 38.Bb3 Be4 39.Bd1 Kc6 40.Ke2 Bc1 41.Kf2 Kd5 42.Be2 Bg2
43.Bd3 g5 44.fxg5 Bxg5 45.Be2 Bh6 46.Bh5 Bg7 47.Bxf7 Bxe5 48.Bxe5 Kxe5 49.Ke3
Kf5 50.Bh5 Bc6 51.Be2 e5? 52.Bd3+ e4 53.Be2 Bd5 54.Kd4 Bc6 55.Bd1 Bd7 56.Bc2
Kg4 57.Bxe4 Bc8 58.Ke5 Kg5 59.b4 Kg4 60.Kf6 Kh5 61.Bf3+ 1-0

[Event "Finland Team Ch"]
[Site "Espoo FIN"]
[Date "2016.11.05"]
[Round "3"]
[White "Vesely, Petr"]
[Black "Munukka, Timo"]
[Result "1/2-1/2"]
[Section "II Division:1"]
[Board "3"]
[WhiteTeam "Lauttasaaren Shakkikerho"]
[BlackTeam "Espoon Shakkikerho"]
[WhiteElo "1918"]
[BlackElo "1958"]

1.c4 c5 2.Nc3 Nf6 3.Nf3 g6 4.d4 cxd4 5.Nxd4 Nc6 6.g3 Bg7 7.Bg2 O-O 8.O-O Qb6
9.Ndb5 a6 10.Na4 Qd8 11.Nd4 Qc7 12.Rb1 d6 13.Be3 Nd7 14.b3 Nxd4 1/2-1/2

[Event "Finland Team Ch"]
[Site "Espoo FIN"]
[Date "2016.11.05"]
[Round "3"]
[White "Borenius, Mika"]
[Black "Sobenin, Evgeny"]
[Result "0-1"]
[Section "II Division:1"]
[Board "4"]
[WhiteTeam "Espoon Shakkikerho"]
[BlackTeam "Lauttasaaren Shakkikerho"]
[WhiteElo "1940"]
[BlackElo "1953"]

1.d4 Nf6 2.Nf3 d6 3.c4 g6 4.Nc3 Bg7 5.e4 O-O 6.Be2 e5 7.d5 Nh5 8.O-O Nf4
9.Bxf4 exf4 10.Rc1 Nd7 11.b4 a5 12.a3 axb4 13.axb4 Ne5 14.c5 Bd7 15.Qd2 Nxf3+
16.Bxf3 Qf6 17.c6 bxc6 18.dxc6 Be6 19.Nd5 Bxd5 20.exd5 Qd4 21.Rfd1 Qxd2
22.Rxd2 Rfb8 23.Rc4 Ra4 24.Rxf4 Bh6 0-1

[Event "Finland Team Ch"]
[Site "Espoo FIN"]
[Date "2016.11.05"]
[Round "3"]
[White "Ashwin, Kumar"]
[Black "Nyström, Leif"]
[Result "1-0"]
[Section "II Division:1"]
[Board "5"]
[WhiteTeam "Lauttasaaren Shakkikerho"]
[BlackTeam "Espoon Shakkikerho"]
[WhiteElo "1832"]
[BlackElo "1907"]

1.d4 d5 2.c4 c6 3.Nc3 Nf6 4.e3 Bf5 5.cxd5 cxd5 6.Qb3 Qd7 7.Nf3 e6 8.Bb5 Nc6
9.Ne5 Qc7 10.Qa4 Rc8 11.Qxa7 Bd6 12.Nxc6 bxc6 13.Qxc7 Rxc7 14.Ba4 Bd3 15.a3
O-O 16.b4 e5 17.f3 Ra8 18.Bb2 e4 19.Kf2 g5 20.Bb3 h5 21.h4 g4 22.f4 g3+
23.Kxg3 Ng4 24.Rhe1 Kh7 25.Bd1 Nf6 26.Kf2 Rg8 27.Na4 Kh6 28.Nc5 Bc4 29.Rh1
Rcc8 30.Rc1 Rg6 31.Nb7 Bb8 32.Na5 Rcg8 33.Rg1 Rg3 34.Nxc4 dxc4 35.Rxc4 Bxf4
36.exf4 e3+ 37.Kf1 Nd5 38.Rxc6+ f6 39.Be2 Rf8 40.Bf3 Nxf4 41.Bc1 Re8 42.Rxf6+
Ng6 43.Rf5 Kg7 44.Bxh5 Rc8 45.Bxe3 Rxe3 46.Kf2 Rxa3 47.Rf3 Rc2+ 48.Kg3 Raa2
49.Bxg6 Kxg6 50.Kf4 Rab2 51.g4 Rxb4 52.Rd1 1-0

[Event "Finland Team Ch"]
[Site "Helsinki FIN"]
[Date "2016.12.10"]
[Round "4"]
[White "Eskelinen, Aarno"]
[Black "Kauppala, Pekka"]
[Result "1-0"]
[Section "II Division:1"]
[Board "1"]
[WhiteTeam "Shakkikerho Meriratsut"]
[BlackTeam "Lauttasaaren Shakkikerho"]
[WhiteElo "2160"]
[BlackElo "2065"]

1.e4 e5 2.Nf3 Nc6 3.Bc4 Nf6 4.d3 Be7 5.O-O O-O 6.Re1 d6 7.c3 Rb8 8.Nbd2 b5
9.Bb3 a5 10.a4 b4 11.h3 Ba6 12.Nc4 h6 13.Ba2 Re8 14.d4 bxc3 15.bxc3 exd4
16.cxd4 Nb4 17.Bb3 c6 18.Bf4 Bf8 19.Nxd6 Bxd6 20.Bxd6 Qxd6 21.e5 Qd8 22.exf6
Rxe1+ 23.Qxe1 Nd3 24.Qe7 Qxe7 25.fxe7 Re8 26.Ne5 Nxe5 27.dxe5 Rxe7 28.f4 Rb7
29.Bc2 g6 30.Rd1 Rb4 31.Rd8+ Kg7 32.Ra8 Bc4 33.Rxa5 Bd5 34.Rc5 Rxf4 35.a5 Rb4
36.Bd3 Rb2 37.Bf1 Ra2 38.a6 Kf8 39.Rc1 Ke7 40.h4 Ke6 41.Re1 Kf5 42.g3 Kg4
43.Re3 c5 44.Be2+ Kf5 45.Bf1 c4?? (45...g5) 46.Bh3# 1-0

[Event "Finland Team Ch"]
[Site "Helsinki FIN"]
[Date "2016.12.10"]
[Round "4"]
[White "Heikkinen, Jyrki"]
[Black "Virkamäki, Mikko"]
[Result "1-0"]
[Section "II Division:1"]
[Board "2"]
[WhiteTeam "Lauttasaaren Shakkikerho"]
[BlackTeam "Shakkikerho Meriratsut"]
[WhiteElo "2058"]
[BlackElo "1885"]

1.d4 Nf6 2.Nc3 d5 3.e4 dxe4 4.f3 Bf5 5.fxe4 Nxe4 6.Qf3 Nd6 7.Bf4 e6 8.O-O-O c6
9.Nge2 Be7 10.g4 Bg6 11.Kb1 Na6 12.Bxd6 Bxd6 13.Nf4 Nc7 14.Nxg6 hxg6 15.Bd3
Qf6 16.Qg2 O-O-O 17.Rdf1 Qe7 18.h3 f5 19.Re1 Qg5 20.Bc4 Rhe8 21.Re2 Bb4 22.Rd1
Rd6 23.gxf5 Qxg2 24.Rxg2 gxf5 25.Rxg7 Red8?! (25...b5) 26.Ne2 e5 27.c3 Ba5
28.Bd3 (28.Ng3!) e4 29.Bc2 Nd5 30.Ng3 Rf6 31.Re1 Bc7 32.Kc1 Bf4+ 33.Kb1 Bh6
(33...Bxg3!) 34.Rh7 Bd2 35.Rf1 Ne3?? (35...Rg8) 36.Nxe4 Nxf1 37.Nxf6 f4
38.Bf5+ Kb8 39.Kc2 Be1 40.Nd7+ Ka8 41.Be4 Nh2 42.Rf7 Bg3 43.Ne5 Rh8 44.Bxc6
Kb8 45.Bxb7 Rh6 46.Nc6+ Rxc6 47.Bxc6 1-0

[Event "Finland Team Ch"]
[Site "Helsinki FIN"]
[Date "2016.12.10"]
[Round "4"]
[White "Huhtamäki, Heikki"]
[Black "Vesely, Petr"]
[Result "0-1"]
[Section "II Division:1"]
[Board "3"]
[WhiteTeam "Shakkikerho Meriratsut"]
[BlackTeam "Lauttasaaren Shakkikerho"]
[WhiteElo "1705"]
[BlackElo "1957"]

1.d4 Nf6 2.c4 c5 3.Nf3 e6 4.Nc3 d5 5.e3 Nc6 6.Be2 Bd6 7.O-O O-O 8.Nb5 Bb8
(8...dxc4) 9.dxc5 Ne4 10.Nbd4 Nxc5 11.Nxc6 bxc6 12.b4 Ne4 13.Qc2 e5 14.Bb2 Bf5
15.Bd3 Qf6 16.Rad1 Re8 17.Ne1 Qg5 18.Bxe5 (18.cxd5 cxd5 19.Qc6 Bd6 20.Qxd5)
Bxe5 19.f4 Qh6 20.fxe5 Qxe3+ 21.Kh1 Bg4 22.Nf3 Re6 23.Bxe4 Qxe4 24.Rc1 Bxf3
25.gxf3 Qxe5 26.Rfe1 Qxe1+ 27.Rxe1 Rxe1+ 28.Kg2 Rae8 29.Qa4 d4 30.Qxc6 d3
31.Qd7 d2 32.Qxd2 R1e2+ 0-1

[Event "Finland Team Ch"]
[Site "Helsinki FIN"]
[Date "2016.12.10"]
[Round "4"]
[White "Pystynen, Jarmo"]
[Black "Heikkinen, Juha"]
[Result "1-0"]
[Section "II Division:1"]
[Board "4"]
[WhiteTeam "Lauttasaaren Shakkikerho"]
[BlackTeam "Shakkikerho Meriratsut"]
[WhiteElo "1962"]
[BlackElo "1643"]

1.d4 Nf6 2.Nc3 d5 3.f3 Bf5 4.Bg5 Nbd7 5.Nxd5 Nxd5 6.e4 Bxe4 7.fxe4 N5f6 8.Qf3
c6 9.e5 Nd5 10.e6 fxe6 11.Bd3 g6 12.Qe4 Qb6 13.Ne2 c5 14.a3 Bg7 15.O-O cxd4
16.b4 O-O-O 17.Kh1 Rhf8 18.Qh4 Bf6 19.Bxf6 N7xf6 20.Rac1?? Ne3 21.Rf3 Nf5
22.Qf4 Nd5 23.Qe5 Qd6 24.Qxd6 Rxd6? 25.g4 Nde3? 26.gxf5 exf5 27.Nxd4 Rxd4
28.Rxe3 Rd7 29.Rce1 Kd8 30.Re5 f4 31.Kg2 f3+ 32.Kf2 Rf4 33.R1e3 Rc7 34.Rxf3
Rxf3+ 35.Kxf3 Rc3 36.a4 Ra3 37.a5 Rc3 38.Ke4 Rc6 39.Rd5+ Kc7 40.Kd4 Rf6 41.Re5
Kd6 42.c4 b6 43.axb6 axb6 44.c5+ bxc5+ 45.bxc5+ Kd7 46.Bb5+ Kd8 47.Rd5+ Kc8
48.Rd7 Rf4+ 49.Kc3 Rf5 50.Kc4 Rf4+ 51.Kb3 Rf5 52.Kb4 Rf2 53.Rxe7 Rxh2 54.Ka5
Rf2 55.Kb6 Rf6+ 56.Bc6 Rf8 57.Rxh7 g5 58.Bd5 Rf6+ 59.c6 Rd6 60.Kc5 Rf6 61.Rg7
Rf5 62.Kd6 Rf6+ 63.Be6+ 1-0

[Event "Finland Team Ch"]
[Site "Helsinki FIN"]
[Date "2016.12.10"]
[Round "4"]
[White "Jämbäck, Kari"]
[Black "Sobenin, Evgeny"]
[Result "0-1"]
[Section "II Division:1"]
[Board "5"]
[WhiteTeam "Shakkikerho Meriratsut"]
[BlackTeam "Lauttasaaren Shakkikerho"]
[WhiteElo "1614"]
[BlackElo "1965"]

1.c4 d6 2.g3 g6 3.Bg2 Bg7 4.Nc3 e5 5.d3 Ne7 6.Bd2 O-O 7.Nf3 c6 8.Qc1 a5 9.Bh6
Nf5 10.Bxg7 Kxg7 11.e4 Nd4 12.h4 h6 13.Nh2 Na6 14.Qd2 Nc5 15.Qd1 a4 16.Ne2
Qa5+ 17.Kf1 f5 18.Nxd4 exd4 19.f4 Be6 20.Qc2 Kh7 21.Ke2 Rae8 22.Kf2 Qb4
23.Rhd1 Re7 24.Qd2 Qb6 25.Rab1 fxe4 26.Bxe4 Bxc4 27.Bxg6+? Kxg6 28.dxc4 Ne4+
0-1

[Event "Finland Team Ch"]
[Site "Helsinki FIN"]
[Date "2016.12.10"]
[Round "3"]
[White "Bergström, Hans"]
[Black "Siikonen, Timo"]
[Result "0-1"]
[Section "III Division:3"]
[Board "3"]
[WhiteTeam "Helsingin Shakkiklubi 4"]
[BlackTeam "Lauttasaaren Shakkikerho 3"]
[WhiteElo "1534"]
[BlackElo "1758"]

1.d4 f5 2.Nf3 d5 3.Bf4 Nf6 4.Nc3 e6 5.h3 Be7 6.e3 O-O 7.Bd3 c6 8.O-O Ne4 9.Ne2
Nd7 10.c4 Ndf6 11.c5 Nh5 12.Be5 Bd7 13.b4 Qe8 14.Kh2 g5 15.Nd2 Qg6 16.g3 Qh6
17.Kg2 Bf6 18.f3 Bxe5 19.dxe5 Nxd2 20.Qxd2 Rf7 21.Rf2 Raf8 22.Raf1 f4 23.g4
fxe3 24.Qxe3 Nf4+ 25.Nxf4 Rxf4 26.a3 Be8 27.Qe2 a6 28.Rd1 Qg7 29.Rh1 Bg6
30.Bxg6 Qxg6 31.h4 h5 32.hxg5 hxg4 33.Rhf1 Qxg5 34.fxg4 Rxg4+ 35.Kh1 Rxf2
36.Rxf2 Rg1+ 0-1

[Event "Finland Team Ch"]
[Site "Helsinki FIN"]
[Date "2017.01.14"]
[Round "5"]
[White "Peltola, Leo"]
[Black "Kauppala, Pekka"]
[Result "1/2-1/2"]
[Section "II Division:1"]
[Board "1"]
[WhiteTeam "Shakkiseura Remissi 2"]
[BlackTeam "Lauttasaaren Shakkikerho"]
[WhiteElo "1977"]
[BlackElo "2071"]

1.e4 c5 2.Nf3 Nf6 3.Nc3 Nc6 4.d4 d5 5.exd5 Nxd5 6.Bb5 cxd4 7.Nxd4 Nxc3 8.bxc3
Bd7 9.O-O e6 10.Re1 Be7 11.Be3 O-O 12.Nxc6 Bxc6 13.Qxd8 Rfxd8 14.Bxc6 bxc6
15.Rab1 Bf6 16.Rb3 Rd7 17.Kf1 h6 18.Ke2 Rad8 19.Reb1 Rd5 20.Ra3 a5 21.c4 Rh5
22.h3 Rh4 23.Rxa5 Rxc4 24.Rc5 Rxc5 25.Bxc5 Bg5 26.Be3 Ra8 27.Rb6 Rxa2 28.Rxc6
Kh7 29.Kd3 Kg6 30.Rc7 e5 31.c4 Bxe3 32.Kxe3 Rc2 33.g3 f5 34.Rc5 Rc3+ 35.Kd2
Rf3 36.Rxe5 Rxf2+ 37.Kd3 f4 38.gxf4 Rxf4 39.c5 Kf6 40.Re3 Rf1 41.Kc4 Rc1+
42.Kb5 g5 43.c6 h5 44.Kb6 g4 45.hxg4 hxg4 46.c7 Kf5 47.Re8 Kf4 48.c8=Q Rxc8
49.Rxc8 g3 50.Kc5 g2 51.Rg8 Kf3 1/2-1/2